[Event "Wotulo Memorial"]
[Site "Jakarta"]
[Date "2001.03.29"]
[Round "8"]
[White "Prayitno, Sugeng"]
[Black "Juswanto, Denny"]
[Result "0-1"]
[WhiteElo "2391"]
[BlackElo "2487"]
[Annotator "Atlas,V"]
[PlyCount "64"]
[EventDate "2001.03.23"]
[EventType "tourn"]
[EventRounds "13"]
[EventCountry "INA"]
[EventCategory "8"]
[SourceTitle "CBM 083"]
[Source "ChessBase"]
[SourceDate "2001.07.05"]
[SourceVersion "1"]
[SourceVersionDate "2001.07.05"]
[SourceQuality "1"]

1. d4 d5 2. Nf3 Nf6 3. e3 c6 4. c4 g6 5. Nc3 Bg7 6. Bd3 O-O 7. O-O Bg4 8. h3
Bxf3 9. Qxf3 dxc4 10. Bxc4 Nbd7 11. Qe2 e5 12. dxe5 Nxe5 13. Bb3 Re8 14. Rd1
Ned7 15. e4 b5 16. Bg5 Qb8 17. a3 Nc5 18. Ba2 Ncxe4 19. Nxe4 Nxe4 20. Be3 Qb7
21. Qc2 Rac8 22. Rd3 c5 23. Rad1 c4 24. Rd7 Rc7 25. Rd8 Rce7 26. Bb1 Qc7 27.
R8d5 a6 28. a4 b4 29. Qe2 {[%tqu "En","All Black's pieces are superbly placed.
How should he use this fact?","Use your battery on the e-file.","Weaken the
e3-bishop!","e4f2","This is very simple and very neat.",5]} Nxf2 $1 {[%csl Re3]
[%cal Ge8e2]} 30. Kxf2 (30. Qxf2 Rxe3 31. Rd7 {is strongly met by} Re1+ 32.
Rxe1 Rxe1+ 33. Qxe1 Qxd7) 30... Bh6 (30... Rxe3 31. Qxe3 Rxe3 32. Kxe3 Qg3+ {
was also sufficient for win. Yet, the text move prepares an elegant final
combination.}) 31. Kg1 Bxe3+ 32. Kh1 {[%tqu "En","How to conclude Black's
attack?","Go after White's king.","Yes, the bishop move is the most appelaing
option in this position. Try to find the most effective destination for your
bishop.","e3g1","This is quite neat.",4]} Bg1 $1 {[%csl Re2,Rh1,Rh2][%cal
Ge8e2,Gc7h2,Gg1h2] , and White is helpless against the double threat: 33...
Qh2# and 33...Re2.} 0-1

[Event "EU-Cup 23rd"]
[Site "Kemer"]
[Date "2007.10.05"]
[Round "3.1"]
[White "Pelletier, Yannick"]
[Black "Mamedyarov, Shakhriyar"]
[Result "0-1"]
[WhiteElo "2609"]
[BlackElo "2752"]
[Annotator "Avrukh,B"]
[PlyCount "52"]
[EventDate "2007.10.03"]
[EventType "team-swiss"]
[EventRounds "7"]
[EventCountry "TUR"]
[SourceTitle "CBM 121"]
[Source "ChessBase"]
[SourceDate "2007.11.14"]
[SourceVersion "1"]
[SourceVersionDate "2007.11.14"]
[SourceQuality "1"]
[WhiteTeam "Clichy Echecs 92"]
[BlackTeam "Alkaloid"]
[WhiteTeamCountry "FRA"]
[BlackTeamCountry "MKD"]

1. Nf3 g6 2. d4 Bg7 3. c4 Nf6 4. Nc3 d5 5. e3 O-O 6. cxd5 Nxd5 7. Bc4 Nb6 8.
Bb3 c5 9. O-O c4 {Despite the fact that this move (which is also a first-coice
line of Rybkal) has been played by such a strong player as Mamedyarov, I don't
like the move . It seems to me positionally a bit strange, since the main idea
in the Grünfeld is to activate the dark-squared B.} ({I personally prefer the
classical} 9... cxd4 10. exd4 Bg4 {This is my game against Yannick. I think
Black equalised pretty comfortably after :} 11. d5 N8d7 12. h3 Bxf3 13. Qxf3
Rc8 14. Bg5 Ne5 15. Qe2 Re8 16. Rac1 Qd7 17. Rfe1 h6 18. Bh4 Nec4 19. Na4 Nxa4
20. Rxc4 Nc5 {1/2-1/2 Pelletier,Y-Avrukh,B/Biel SUI 2007/CT-2450 (26)}) ({
Also worth serious consideration is} 9... Na6) 10. Bc2 Nc6 {[%cal Ge7e5]} 11.
Qe2 $6 ({In my opinion much stronger would have been the quiet} 11. h3 $142 $1
{preventing 11...Bg4.} {It seems to me White can fight here for the opening
advantage} e5 (11... Nb4 12. Bb1 (12. e4 $5) 12... Bd7 13. e4 $14) 12. d5 Nb4
13. e4 Nxc2 $140 14. Qxc2 Bd7 15. a4 Nc8 16. b3 $1 $14 {[%cal Ob3c4,Gc1a3]})
11... Bg4 $1 $146 {A very logical and strong novelty.} ({I found only one
example, where this position had occurred.The game continued:} 11... h6 $6 12.
Rd1 Kh7 $6 13. h3 f5 14. e4 $14 {1-0 Misojcic,M-Kovacevic,P/Belgrade 1990/EXT
1997 (42)}) 12. h3 $6 {A futher inaccuracy, which allows Black to seize the
initiative.} ({The best continuation for White would have been:} 12. Rd1 e5 13.
d5 Nb4 14. Bb1 {, although Black is absolutely OK here after} e4 $1 (14... f5
$6 15. e4 $14) 15. Bxe4 f5 16. Bb1 Bxc3 17. bxc3 N4xd5 18. Bb2 Qf6 {the play
remains double-edged.}) 12... Bxf3 13. Qxf3 e5 14. dxe5 ({Also after} 14. d5 {
Black retains the better chances} Nb4 15. Bb1 e4 $1 (15... f5 16. e4 $1 fxe4
17. Qxe4 N4xd5 18. a4 $1 $14) 16. Qxe4 (16. Bxe4 f5 17. Bb1 N4xd5) (16. Nxe4
N4xd5 17. a4 a5 18. Ra3 Qe7 $15) 16... N4xd5 (16... Bxc3 17. bxc3 Qf6 18. Bb2
N4xd5 19. a4 $13) 17. Nxd5 Qxd5 $15 (17... Re8 $5)) 14... Qe7 $1 15. Qe4 $2 {
This is already a decisive mistake, after which White's position becomes very
dangerous.} (15. Rd1 Nxe5 16. Qe2 Rfd8 $15) ({I would prefer} 15. a4 $142 Nxe5
16. Qe2 Rad8 17. Ra3 Nd3 18. a5 Nc8 19. Ra4 {and though Black is slightly
better, White has some play.}) 15... Nxe5 16. Rd1 (16. a4 a5 17. Nd5 Nxd5 18.
Qxd5 Rfd8 19. Qb5 Qb4 $1 $17 {[%csl Gc1]}) 16... Rad8 $17 17. Bd2 {Only now
has White managed to complete his development. Menawhile Black has a decisive
initiative.} f5 18. Qf4 g5 {As always Shakhriyar plays with a lot of energy.} (
18... Nd3 19. Bxd3 Rxd3 $17) 19. Qg3 Nd3 20. Bxd3 ({White's position is
difficult after} 20. Rab1 h6 {with the idea 21...Nb2!}) 20... Rxd3 21. Qf3 f4
$1 22. Qe4 $6 {This loses immediately, but White's position was critical
anyway.} ({White could have gone on suffering for a little longer after} 22.
Qe2 $142 Rfd8 23. Rac1 $17) 22... Qxe4 23. Nxe4 Bxb2 $19 24. Rab1 Na4 {Now the
game is over, White cannot stop Black's c-pawn.} 25. Bb4 Rfd8 26. Rxd3 Rxd3 {
[%cal Of4e3,Ce4g5,Gc4c3,Gc3c2] Unexpectedly a very easy win for the World
number 7.} 0-1

[Event "RUS-chT 06th"]
[Site "St Petersburg"]
[Date "1999.05.24"]
[Round "9"]
[White "Kiselev, Gennady Aleksandrov"]
[Black "Gubajdullin, Alexey"]
[Result "0-1"]
[WhiteElo "2425"]
[BlackElo "2305"]
[Annotator "Baburin,A"]
[PlyCount "60"]
[EventDate "1999.05.16"]
[EventType "team-tourn"]
[EventRounds "9"]
[EventCountry "RUS"]
[SourceTitle "EXT 2020"]
[Source "ChessBase"]
[SourceDate "2019.10.17"]
[SourceVersion "1"]
[SourceVersionDate "2019.10.17"]
[SourceQuality "1"]
[WhiteTeam "Murmansk OShK"]
[BlackTeam "Kazan Sberbank-Tatarstan"]
[WhiteTeamCountry "RUS"]
[BlackTeamCountry "RUS"]

1. e4 g6 2. d4 Bg7 3. Nf3 c5 4. c3 cxd4 5. cxd4 d5 6. exd5 Nf6 7. Nc3 O-O 8.
Be2 Nxd5 9. O-O Nc6 10. Re1 Bf5 11. Bg5 h6 12. Be3 Nxe3 13. fxe3 Qb6 14. Na4
Qa5 15. Rc1 e5 16. d5 Ne7 17. Nc5 Rac8 18. Rc4 b5 19. Rc1 Qb6 20. b4 Rfd8 21.
Qb3 Nxd5 22. Kh1 Nxb4 23. Qxb4 Bf8 24. Nxe5 Bxc5 25. Qxb5 Qxb5 26. Bxb5 Bxe3 $1
(26... Bxe3 27. Rxe3 Rxc1+ 28. Bf1) 27. Rxc8 Rxc8 28. Bc4 Bd4 ({Better was} 
28... Bd2 $1 29. Re2 Bf4 30. g4 Bxe5 31. gxf5 Rxc4 32. Rxe5 Rc1+ 33. Kg2 Rc2+
34. Kg3 Rxa2 $19) 29. Bxf7+ Kg7 30. g4 $4 ({The fight would still go on after
the correct} 30. Nf3 $1 {for example:} Bc3 31. Be6 $1 Rd8 32. Rc1 Bxe6 33. Rxc3
Rd1+ 34. Ng1 {and White is holding on.}) {[%tqu "En","How can Black use
White's last move, which badly exposed his king?","White had problems with the
shaky positions of his minor pieces, but he created even a bigger problem for
himself - his king!","The e1-rook prevents Black from delivering a devastating
blow from e4 - you need to overcome this obstacle.","c8c1","",3,"c8c1","",0]}
30... Rc1 $1 (30... Rc1 31. Rxc1 Be4+ 32. Nf3 Bxf3#) ({Not} 30... Bxg4 $2 31.
Nxg4 Kxf7 32. Nxh6+ {and White is still holding.}) ({Also not satisfactory is} 
30... Bxe5 $6 31. gxf5 Kxf7 32. Rxe5 Rc1+ 33. Kg2 Rc2+ 34. Kg3 Rxa2 35. fxg6+
Kxg6 {and White should not have problems drawing this endgame.}) 0-1

[Event "Moscow"]
[Site "Moscow"]
[Date "1981.04.??"]
[Round "8"]
[White "Balashov, Yuri S"]
[Black "Smyslov, Vassily V"]
[Result "1/2-1/2"]
[WhiteElo "2600"]
[BlackElo "2545"]
[Annotator "Belov,I"]
[PlyCount "55"]
[EventDate "1981.04.08"]
[EventType "tourn"]
[EventRounds "13"]
[EventCountry "URS"]
[EventCategory "15"]
[SourceTitle "MCL"]
[Source "ChessBase"]
[SourceDate "1999.07.01"]
[SourceVersion "1"]
[SourceVersionDate "1999.07.01"]
[SourceQuality "1"]

1. d4 d5 2. c4 c6 3. Nc3 Nf6 4. e3 (4. Nf3 $5 g6 5. cxd5 cxd5 6. Bf4 $14) 4...
g6 5. Nf3 Bg7 6. Be2 O-O 7. O-O Be6 $5 8. b3 (8. cxd5 Bxd5 $5 (8... cxd5 9. Ne5
Nbd7 10. Nd3 $1 Bf5 {Donner,J-Hort,V/Wijk aan Zee/1967/0,5 (20) Inf 5/605/} 11.
Qb3 $16) 9. Qc2 Bxf3 10. Bxf3 Nbd7 11. Rd1 Qc7 12. e4 e5 13. d5 Rac8 $10 {
Larsen,B-Smyslov,V/Bugojno/1984/0:1 (46) Inf 37/536/}) 8... c5 $1 (8... h6 9.
a4 Ne4 10. Bb2 Nd7 11. a5 a6 12. Qc2 f5 13. Bd3 $16 {Petrosian,T-Savon,V/
Moscow/1972/1:0 (36) Inf 13/670/}) 9. Bb2 (9. Ba3 cxd4 (9... dxc4 $6 10. Bxc5
Na6 11. Ba3 Qa5 12. Bb2 cxb3 13. axb3 Qb6 14. Nd2 $16 {Ree,H-Boersma,P/NED/
1981/}) 10. Nxd4 Nc6 $13) 9... Nc6 10. dxc5 (10. Rc1 b6 (10... cxd4 11. exd4
Bf5 $10) 11. dxc5 dxc4 $10) 10... dxc4 11. bxc4 Nd7 $1 (11... Qa5 12. Nb5 a6
13. Nbd4 Bd7 14. Nb3 $14) 12. Qc1 {>< Bb2/} Nxc5 13. Rd1 Bd7 $1 (13... Qa5 14.
Nd5 Bxb2 15. Qxb2 $14) 14. Nd5 e6 15. Bxg7 Kxg7 16. Qb2+ f6 17. Nf4 Qe7 $10 18.
Nd3 (18. Nd4 $5 Rad8 19. Nb3 b6 $10) 18... b6 (18... Nxd3 19. Rxd3 b6 20. Rad1
Rad8 $10) 19. Nxc5 bxc5 20. Nd2 Rfd8 21. Ne4 Rab8 22. Qc3 Be8 23. Rxd8 Nxd8 (
23... Rxd8 24. Rb1 $14 {/\ Rb5/}) 24. Qa5 Rc8 25. Rd1 Nf7 {>< d6/} 26. h3 f5
27. Qc3+ e5 28. Nd2 1/2-1/2

[Event "Moscow"]
[Site "Moscow"]
[Date "1981.04.??"]
[Round "10"]
[White "Karpov, Anatoly"]
[Black "Smyslov, Vassily V"]
[Result "1-0"]
[WhiteElo "2690"]
[BlackElo "2545"]
[Annotator "Belov,I"]
[PlyCount "63"]
[EventDate "1981.04.08"]
[EventType "tourn"]
[EventRounds "13"]
[EventCountry "URS"]
[EventCategory "15"]
[SourceTitle "MCL"]
[Source "ChessBase"]
[SourceDate "1999.07.01"]
[SourceVersion "1"]
[SourceVersionDate "1999.07.01"]
[SourceQuality "1"]

1. Nf3 d5 2. c4 c6 3. d4 Nf6 4. e3 g6 5. Nc3 Bg7 6. Be2 O-O 7. O-O Bg4 8. b3 (
8. cxd5 cxd5 9. Qb3 b6 10. h3 Bxf3 11. Bxf3 e6 12. Bd2 Nc6 13. Be2 (13. Qa4 Na5
14. b3 a6 15. Ne2 Nb7 16. Qc6 Nd6 $1 17. Bb4 Nfe8 $10 {Chernin,A-Haba,P/
Budapest(zt)/1993/0,5 (41) Inf 33/467/}) 13... a6 14. Rfc1 Na5 15. Qb4 Nb7 16.
b3 Re8 17. Na4 $14 {Stohl,I-Haba,P/Budapest(zt)/1993/0,5 (49) Inf 57/468/})
8... Nbd7 (8... Ne4 9. Bb2 Nxc3 10. Bxc3 e6 11. Qc2 Nd7 12. e4 {Nikolic,
P-Speelman,J/Sochi/1982/1:0 (52) Inf 35/574/} Nf6 13. e5 Ne4 $13) 9. Bb2 Re8 (
9... Nb6 $5 10. cxd5 cxd5 11. a4 a6 12. Ba3 Re8 13. Rc1 Rc8 14. Ne5 Bxe2 15.
Qxe2 Ne4 $10 {Gorelov,S-Azmayparashvili,Z/URS/1982/Inf 35/(582)/}) 10. Rc1 Ne4
11. h3 (11. cxd5 Nxc3 12. Bxc3 cxd5 13. h3 Bxf3 14. Bxf3 e6 $14) 11... Nxc3 12.
Bxc3 Bxf3 13. Bxf3 dxc4 $6 (13... e6 $142 $14) 14. bxc4 e5 15. Qb3 exd4 (15...
e4 $5 16. Be2 b6 {/\ c5/}) 16. exd4 Rb8 17. Rfd1 $1 (17. Rfe1 Qc7 $14) 17...
Qc7 18. Qa3 Bf8 19. Qb2 c5 20. Bd5 $5 (20. d5 $6 Bd6 $10) 20... Bg7 (20... Nb6
$5 21. dxc5 Bxc5 22. Bh8 Bf8 $14) 21. dxc5 Bxc3 22. Rxc3 Nxc5 23. Rf3 Re7 24.
h4 Rf8 $6 (24... Na4 $5 25. Qf6 Nb6 26. h5 Nxd5 27. cxd5 Qe5 $13 {Karpov/}) 25.
Qf6 $1 Ne4 $6 (25... Qe5 $2 26. Bxf7+ $1 $18) (25... Rfe8 $5 {/\ Ne4/}) 26. Qd4
Nc5 27. h5 Nd7 (27... b6 28. hxg6 hxg6 29. Qf6 $18) 28. hxg6 hxg6 29. Rg3 $18
Qe5 (29... Qb6 30. c5 $1 Nxc5 31. Rh3 $18) 30. Rxg6+ Kh7 31. Rg3 Nf6 32. Qh4+ (
32. Qh4+ Qh5 (32... Nh5 33. Rg5) 33. Qxf6 Qxd1+ 34. Kh2 $18) 1-0

[Event "Vienna op-A"]
[Site "Vienna"]
[Date "2016.08.20"]
[Round "6"]
[White "Buhmann, Rainer"]
[Black "Ragger, Markus"]
[Result "1/2-1/2"]
[WhiteElo "2641"]
[BlackElo "2686"]
[Annotator "Besenthal,K"]
[PlyCount "41"]
[EventDate "2016.08.16"]
[EventType "swiss"]
[EventRounds "9"]
[EventCountry "AUT"]
[SourceTitle "CBM 173 Extra"]
[Source "ChessBase"]
[SourceDate "2016.08.29"]
[SourceVersion "1"]
[SourceVersionDate "2016.08.29"]
[SourceQuality "1"]

1. Nf3 d5 2. d4 c6 3. c4 Nf6 4. e3 g6 5. Nc3 Bg7 6. Be2 O-O 7. O-O dxc4 8. Bxc4
Bg4 9. h3 Bxf3 10. Qxf3 Nbd7 11. Rd1 e5 12. d5 e4 13. Nxe4 Nxe4 14. Qxe4 Nb6 {
Diagramm [#] Eine Stellung, die auf höchstem Niveau schon häufig erreicht
worden ist.} 15. Bb3 ({Nach} 15. d6 Re8 16. Qf4 Nxc4 17. Qxc4 Re6 18. Qb3 Rxd6
19. Rxd6 Qxd6 20. Qxb7 Rd8 {Diagramm [#] müsste nur Weiß mächtig aufpassen,
dass nichts schief geht. Falls jetzt} 21. Qxa7 $2 {so} Qd1+ 22. Kh2 Qe1 $17)
15... cxd5 16. Bxd5 Nxd5 17. Rxd5 Qb6 18. Qd3 Rfd8 19. e4 Bd4 20. Be3 Bxe3 21.
fxe3 {Diagramm [#]} 1/2-1/2

[Event "GER-ch"]
[Site "Bad Neuenahr"]
[Date "1991.??.??"]
[Round "13"]
[White "Lau, Ralf"]
[Black "Serrer, Christoph"]
[Result "1/2-1/2"]
[WhiteElo "2485"]
[BlackElo "2305"]
[Annotator "Blatny,P"]
[PlyCount "37"]
[EventDate "1991.06.??"]
[EventType "tourn"]
[EventRounds "15"]
[EventCountry "GER"]
[EventCategory "7"]
[SourceTitle "CBM 024"]
[Source "ChessBase"]
[SourceDate "1991.10.01"]
[SourceVersion "1"]
[SourceVersionDate "1991.10.01"]
[SourceQuality "1"]

1. e4 c6 2. d4 d5 3. exd5 cxd5 4. c4 Nf6 5. Nc3 g6 (5... e6 6. Nf3 Bb4 {
--> Mueller-Lobron CBM24} (6... Be7 {--> Ivanovic-Horvath CBM24})) 6. cxd5 (6.
Qb3 Bg7 7. cxd5 O-O 8. Nge2 (8. Be2 Nbd7 9. Bf3 Nb6 10. Nge2 Bg4 11. Bxg4 Nxg4
12. a4 a5 13. O-O Qd6 14. Bf4 Qb4 15. Qd1 $1 Rfd8 (15... Nf6 16. d6) 16. Bc7 $1
{Polgar-Skembris, Korfu 1990 --> INF 50/161}) 8... Nbd7 9. g3 Nb6 10. Bg2 Bf5
11. O-O Qd7 12. Re1 Rfd8 13. d6 exd6 14. a4 Be6 (14... d5 $2 15. a5 Nc8 16. Bg5
{/\Nc3-a4-c5}) 15. Qb5 (15. d5 Bh3 $10) 15... Bc4 16. Qxd7 Rxd7 17. a5 $36 {
Novik-Sapis, Katowice 1990}) 6... Nxd5 7. Bc4 Nb6 8. Bb3 Bg7 9. Nf3 (9. Nge2
O-O 10. O-O Bf5 11. d5 Na6 12. Nd4 {+/=/=}) 9... Nc6 10. d5 Na5 11. O-O Nxb3 (
11... O-O {--> D94}) 12. axb3 O-O 13. Re1 Bxc3 14. bxc3 Qxd5 $10 15. Qxd5 Nxd5
16. c4 Nb4 17. Rxe7 Nc6 18. Rc7 f6 19. Be3 1/2-1/2

[Event "Saint Louis Summer-A"]
[Site "Saint Louis"]
[Date "2018.05.19"]
[Round "5"]
[White "Fridman, Daniel"]
[Black "Bok, Benjamin"]
[Result "0-1"]
[WhiteElo "2636"]
[BlackElo "2636"]
[Annotator "Bok,B"]
[PlyCount "66"]
[EventDate "2018.05.15"]
[EventType "tourn"]
[EventRounds "9"]
[EventCountry "USA"]
[EventCategory "16"]
[SourceTitle "CBM 185"]
[Source "ChessBase"]
[SourceDate "2018.07.13"]
[SourceVersion "1"]
[SourceVersionDate "2018.07.13"]
[SourceQuality "1"]

{This game was played in the 5th round of the 2018 Summer Chess Classic, one
of the quarterly invitationals in Saint Louis. After a slow start (1.5/4) I
had the Black pieces against Daniel Fridman, one of Germany's top players.} 1.
d4 Nf6 2. c4 g6 3. Nc3 d5 4. Nf3 Bg7 5. e3 O-O 6. Bd2 {One of the sidelines
against the Grünfeld.} e6 7. Be2 dxc4 {As a rule, this move makes more sense
once White has moved the bishop from f1.} 8. Bxc4 Nbd7 9. b4 {A typical move
in such positions, White tries to prevent Black from breaking his centre with .
..c5.} b6 10. b5 a6 11. a4 Bb7 ({Another option is} 11... axb5 12. axb5 Rxa1
13. Qxa1 Bb7 $13) 12. Rc1 ({In the event of} 12. bxa6 Bxa6 13. Bxa6 Rxa6 14.
O-O Qa8 {Black also has a very comfortable game.}) (12. O-O axb5 13. axb5 Rxa1
14. Qxa1 Bxf3 (14... Ne8) 15. gxf3 e5 $36 16. d5 e4) 12... axb5 13. axb5 Qe7 $6
{This looked like a very natural move to me, but the queen is not so
well-placed here as it can come under attack by an eventual Bb4.} (13... Ne8 {
is the right plan in this position, rerouting the knight to d6 to keep an eye
on the potentially weak b5-pawn.}) 14. O-O e5 15. Na2 $1 {A strong move by
Daniel which I had underestimated.} Ne4 (15... exd4 16. Bb4 Nc5 17. exd4 Rfd8
18. Re1) 16. Bb4 Nd6 17. Nc3 ({The simple} 17. Bb3 $14 {is quite awkward to
meet for Black as there is no comfortable way to protect the c7-pawn.}) 17...
exd4 (17... Bxf3 18. Qxf3 exd4 19. Nd5) 18. exd4 $6 {Continuing with the same
strategy of restricting the knight on d7, but concretely the following
complications work for Black.} ({White keeps an advantage with} 18. Nxd4 {as}
Qg5 {can be met with} 19. Nc6 Bxc6 20. bxc6 Nc5 21. Qd5 $14 {and White is
definitely for choice.}) 18... Bxf3 (18... Nf6 $2 19. Ne5 $16) 19. Qxf3 Bxd4
20. Nd5 Qg5 21. Nxc7 Ne5 22. Qd1 $2 (22. Qe2 Ndxc4 23. Nxa8 Rxa8 24. Rxc4 Nxc4
25. Qxc4 Rd8 $15 {and Black keeps a bit of pressure.}) (22. Qb3 {transposes to
the line above.}) 22... Ndxc4 23. Rxc4 Rfd8 $1 {Black is winning now, as no
line works for White here.} ({Initially I was intending} 23... Rad8 {but did
not see a forced win after} 24. Qc1) 24. Qc1 ({Perhaps, White's best chance is
} 24. Rxd4 Rxd4 25. Qe2 {where Black has to find the strong} Ra4 $1 $19 {so}
26. Bc3 {can be met with} Re4) (24. Nxa8 Bxf2+ 25. Kxf2 Rxd1 26. Rc8+ Rd8 $19)
(24. Bd2 Bxf2+ 25. Rxf2 Nxc4 26. Nxa8 Nxd2 $19) (24. Qe2 Nxc4 25. Nxa8 Qxb5)
24... Nf3+ 25. Kh1 Ra1 $1 {The point of 23...Rfd8 instead of 23...Rad8.} 26.
Qxa1 Bxa1 27. gxf3 Be5 $19 {The rest was obviously not difficult.} 28. Bc3 Bf4
29. h3 Bxc7 30. Rxc7 Qf4 31. Rc6 Qxf3+ 32. Kh2 f5 33. Be5 Qe2 {I was very
pleased to emerge on top of the complications and to get back on 50% in the
tournament.} 0-1

[Event "Wch U18"]
[Site "Batumi"]
[Date "2006.10.25"]
[Round "8"]
[White "Bosiocic, Marin"]
[Black "Braun, Arik"]
[Result "0-1"]
[WhiteElo "2448"]
[BlackElo "2525"]
[Annotator "Braun,A"]
[PlyCount "48"]
[EventDate "2006.10.19"]
[EventType "swiss"]
[EventRounds "11"]
[EventCountry "GEO"]
[SourceTitle "CBM 115"]
[Source "ChessBase"]
[SourceDate "2006.11.15"]
[SourceVersion "1"]
[SourceVersionDate "2006.11.15"]
[SourceQuality "1"]

1. d4 Nf6 2. Nf3 g6 3. c4 Bg7 4. Nc3 d5 5. e3 O-O 6. b4 Bg4 (6... b6 {Ist hier
der Hauptzug.}) 7. h3 {Danach entwickelt sich alles sehr forciert.} Bxf3 8.
Qxf3 e5 $5 {Ein interessantes Bauernopfer. Schwarz will den Umstand ausnützen,
dass Weiß noch nicht entwickelt ist und die Diagonale a1-h8 durch b2-b4
geschwächt ist.} 9. dxe5 Ne4 $5 (9... Nfd7 10. Bb2 (10. Qxd5 $5 Nc6 11. a3 a5
12. b5 Ncxe5 13. Bb2 Nb6 $132) 10... Nc6 11. cxd5 Nxb4 12. Qd1 c6 13. Be2 Nxe5
14. O-O Nxd5 15. Nxd5 Qxd5 16. Qxd5 cxd5 17. Bxe5 Bxe5 18. Rab1 b6 19. Rfd1
Rad8 20. Rb5 Bf6 {1/2-1/2 Postny,E-Shirov,A 2005}) 10. Nxd5 (10. Nxe4 $2 Bxe5
11. Rb1 dxe4 12. Qxe4 Bc3+ 13. Ke2 Nc6 $40) (10. Bb2 $6 Bxe5 $15) 10... Bxe5
11. Rb1 Ng5 (11... Nc3 $2 12. Bb2 $1 $18) 12. Qd1 c6 13. Nf4 Qe7 14. Ne2 (14.
Be2 $5 Ne4 (14... Bc3+ 15. Kf1 (15. Bd2 Rd8 16. Nd3 Ne4 $17) 15... Nd7 (15...
Bxb4 16. Qb3 a5 17. a3 Bc5 18. Qxb7) 16. Qc2 Bxb4 17. h4 Ne6 $13) (14... Bxf4
$5 15. exf4 Qe4 16. Qd3 $1 Qxg2 17. Rf1 Ne6 18. Bf3 Qxh3 19. Rh1 Qf5 20. Qxf5
gxf5 21. b5 $36) 15. Qc2 Na6 16. a3 Bc3+ 17. Kf1 Rad8 18. Bd3) 14... a5 $1 $44
15. Qc2 (15. f4 Ne6 $5 (15... Ne4 $6 16. fxe5 Qh4+ 17. g3 Nxg3 18. Nxg3 Qxg3+
19. Ke2 axb4 20. Qd4 Rxa2+ (20... Na6 21. Qf4 $18) 21. Bb2 $16) 16. fxe5 Qh4+
17. g3 Qe4 $17) 15... Na6 16. bxa5 (16. a3 axb4 17. f4 bxa3 18. fxe5 Nb4 19.
Qb3 a2 20. Ra1 Ne4 $19) 16... Bc7 $1 $17 {Weiß kann den schwarzen Angriff
nicht mehr abwehren.} 17. Nc3 Bxa5 18. a3 Nc5 (18... Ne4 $19 {gewinnt auch,
aber ich wollte erst noch den Springer von a6 aktiver stellen. Weiß kann sich
sowiso nicht befreien, da auf 19.Be2 Qe4 ! folgt.}) 19. Bb2 Nge4 20. Ke2 (20.
Be2 Qf6 21. O-O Bxc3 $19) 20... Rfd8 21. Rd1 Rxd1 22. Nxd1 Rd8 23. Bc1 Qf6 24.
Qb2 Nd3 {Weiß verliert eine Figur, daher} 0-1

[Event "Budapest Utasellato IM"]
[Site "Budapest"]
[Date "1988.10.22"]
[Round "1"]
[White "Portisch, Gabor"]
[Black "Honfi, Karoly"]
[Result "1-0"]
[WhiteElo "2300"]
[BlackElo "2380"]
[Annotator "Bulletin"]
[PlyCount "97"]
[EventDate "1988.10.22"]
[EventType "tourn"]
[EventRounds "11"]
[EventCountry "HUN"]
[EventCategory "3"]
[SourceTitle "EXT 2020"]
[Source "ChessBase"]
[SourceDate "2019.10.17"]
[SourceVersion "1"]
[SourceVersionDate "2019.10.17"]
[SourceQuality "1"]

1. c4 g6 2. Nc3 c5 3. Nf3 Bg7 4. e3 Nf6 5. Be2 O-O 6. O-O Nc6 7. d4 cxd4 8.
exd4 d5 9. h3 b6 10. b3 Bb7 (10... Ne4 11. Nxd5 (11. Bb2 Nxc3 12. Bxc3 Bb7 $11)
11... e6 12. Ne3 Nxd4 $15) 11. Ba3 Rc8 12. Rc1 Rc7 (12... Na5 13. cxd5 Bxd5 $1
14. Nxd5 Nxd5 15. Ba6 Rxc1 16. Qxc1 Nc7 $11) 13. Ne5 dxc4 14. Nb5 Rc8 15. Nxc6
Rxc6 16. Bf3 Qd7 17. bxc4 (17. Bxc6 $2 Qxc6 18. Qf3 Qd7 $1 $19) 17... Rcc8 18.
d5 a6 19. Nd4 Bh6 20. Nc6 Bxc6 $6 (20... Bxc1 21. Nxe7+ Kg7 22. Qxc1 Rce8 23.
Nc6 Rh8 $146) 21. dxc6 Qf5 22. Rb1 Rfd8 23. Qa4 Rd3 24. Rb3 Rxb3 25. axb3 e5
26. Qxa6 e4 27. Bg4 Nxg4 28. hxg4 Qxg4 29. Qxb6 Bf4 30. Bc1 Bxc1 31. Rxc1 Qe6
32. Re1 f5 33. f3 Rxc6 34. Qd8+ Kg7 35. fxe4 Rd6 36. Qh4 Rd4 $4 37. exf5 Rxh4
38. fxe6 Kf8 39. c5 Rb4 40. c6 Rxb3 41. Rc1 Rb8 42. c7 Rc8 43. Kf2 Ke7 44. Rc6
h5 45. g4 hxg4 46. Kg3 Kf6 47. Kxg4 g5 48. Kf3 Ke7 49. Ke3 1-0